New theory of statistical control with its applications
Bewaard in:
| Hoofdauteur: | |
|---|---|
| Formaat: | Boek |
| Taal: | Undetermined |
| Gepubliceerd in: |
Singapore
Institute of Economics and Business Studies, College of Graduate Studies, Nanyang University
1975
|
| Onderwerpen: | |
| Tags: |
Voeg label toe
Geen labels, Wees de eerste die dit record labelt!
|
| Thư viện lưu trữ: | Trung tâm Học liệu Trường Đại học Cần Thơ |
|---|
| LEADER | 00580nam a2200181Ia 4500 | ||
|---|---|---|---|
| 001 | CTU_107459 | ||
| 008 | 210402s9999 xx 000 0 und d | ||
| 082 | |a 519.5 | ||
| 082 | |b C559 | ||
| 100 | |a Chung-How, Yang | ||
| 245 | 0 | |a New theory of statistical control with its applications | |
| 245 | 0 | |c Yang Chung-How | |
| 260 | |a Singapore | ||
| 260 | |b Institute of Economics and Business Studies, College of Graduate Studies, Nanyang University | ||
| 260 | |c 1975 | ||
| 650 | |a Mathematical statistics | ||
| 904 | |i Minh | ||
| 980 | |a Trung tâm Học liệu Trường Đại học Cần Thơ | ||